MCU Films by Release Date - Statistics

General Stats
  • This quiz has been taken 206 times
    36 since last reset
  • The average score is 29 of 37
Answer Stats
Phase Release Date Film % Correct
Phase 1 April 30, 2008 Iron Man
100%
April 28, 2010 Iron Man 2
100%
June 13, 2008 The Incredible Hulk
100%
April 27, 2011 Thor
96%
April 25, 2012 The Avengers
92%
July 22, 2011 Captain America: The First Avenger
88%
Phase 2 April 24, 2013 Iron Man 3
88%
August 1, 2014 Guardians of the Galaxy
84%
April 22, 2015 Avengers: Age of Ultron
80%
March 26, 2014 Captain America: The Winter Soldier
80%
October 30, 2013 Thor: The Dark World
80%
May 2, 2025 Thunderbolts*
80%
July 14, 2015 Ant-Man
76%
April 26, 2019 Avengers: Endgame
76%
April 27, 2018 Avengers: Infinity War
76%
Phase 4 July 9, 2021 Black Widow
76%
Phase 3 April 27, 2016 Captain America: Civil War
76%
March 8, 2019 Captain Marvel
76%
July 26, 2024 Deadpool & Wolverine
76%
July 2, 2019 Spider-Man: Far From Home
76%
July 5, 2017 Spider-Man: Homecoming
76%
October 24, 2017 Thor: Ragnarok
76%
July 4, 2018 Ant-Man and the Wasp
72%
February 13, 2018 Black Panther
72%
October 25, 2016 Doctor Strange
72%
November 5, 2021 Eternals
72%
April 25, 2017 Guardians of the Galaxy Vol. 2
72%
December 17, 2021 Spider-Man: No Way Home
72%
Phase 5 February 17, 2023 Ant-Man and the Wasp: Quantumania
68%
October 26, 2022 Black Panther: Wakanda Forever
68%
February 14, 2025 Captain America: Brave New World
68%
May 5, 2023 Guardians of the Galaxy Vol. 3
68%
Phase 6 July 25, 2025 The Fantastic Four: First Steps
68%
November 10, 2023 The Marvels
68%
July 8, 2022 Thor: Love and Thunder
68%
May 6, 2022 Doctor Strange in the Multiverse of Madness
64%
September 3, 2021 Shang-Chi and the Legend of the Ten Rings
64%
No matching quizzes found
Score Distribution
Percent of People with Each Score
Percentile by Number Answered
Your Score History
You have not taken this quiz since the last reset